000 00380nam a2200133Ia 4500
008 100328s9999 xx 000 0 und d
082 _b31031
100 _aढोले द. कृ.
245 _aसैनिकाची बखर
260 _bअभिनव
630 _aसैनिकाची बखर
730 _aसैनिकाची बखर
942 _cBOOK
999 _c521984
_d521981